000
00307nam a2200133Ia 4500
008
220204s9999 xx 000 0 und d
082
_a
33(540)
_b
AGR
100
_a
AGRAWAL, A N
245
0
_a
Indian economy
250
_a
Ed.4
260
_a
New Delhi
_b
Vikas
_c
1978
650
_a
Indian economy
942
_c
BK
999
_c
29995
_d
29995